000 00488nam a2200181Ia 4500
005 20250508151031.0
008 008 250505s9999 xx 000 0 eng d
037 _aTextual
040 _aFEDL
_beng
_cFEDL
041 _aeng
_2eng
084 _a907, BRO
_qFEDL
100 _aBroadway Constance M
_9758247
245 0 _aBuilding the empire
260 _aLondon, UK
_bGeoffrey Cumberlege
_c1951
300 _a160p.
942 _cTEXL
_h907, BRO
999 _c1327177
_d1327177